El protestantismo y el mundo moderno /

Guardado en:
Autor Principal: Troeltsch, E.
Formato: Libro
Publicado: México : Fondo de cultura econ¢mica, 1958
Edición:2a. ed.
Materias:
Etiquetas: Agregar Etiqueta
Sin Etiquetas, Sea el primero en etiquetar este registro!
LEADER 00500nam a22001815a 4500
001 CEM.cems006324
005 20060214000000.0
008 130507s1958##################000#0#####d
003 CEMS
082 0 4 |a 940.2 
100 1 |a Troeltsch, E. 
245 1 0 |a El protestantismo y el mundo moderno / 
250 |a 2a. ed. 
260 |a México :  |b Fondo de cultura econ¢mica,  |c 1958 
300 |a 108 p. 
653 |a Historia 
653 |a Protestantismo 
859 |a CEMS  |b BIB. CEMS - 11 de abril  |h 940.2  |i T743a2  |p 3479.75  |t Ej.1